Personnages de jeux vidéos - Statistiques

Statistiques générales
  • Ce quiz a été pris 2 000 fois
  • Le résultat moyen est 11 sur 22
Statistiques - réponses
Personnage Jeu vidéo % Correct
Lara Croft Tomb Raider
92%
Kratos God of War
89%
Link The legend of Zelda
89%
Agent 47 Hitman
72%
Tom Nook Animal Crossing
71%
Nathan Drake Uncharted
70%
Solid Snake Metal Gear Solid
63%
Geralt de Riv The Witcher
63%
Sub-Zero Mortal Kombat
55%
Chun-Li Street Fighter
54%
Leon Kennedy Resident Evil
53%
Master Chief Halo
52%
Samus Aran Metroid
51%
John Marston Red Dead Redemption
43%
Aloy Horizon
37%
John Price Call of Duty
33%
Fox MacCloud Starfox
30%
Gordon Freeman Half Life
27%
Sam Fisher Splinter Cell
23%
Commandant Shepard Mass Effect
20%
Marcus Fenix Gears of War
7%
Guybrush Threepwood Monkey Island
5%
Aucun quiz correspondant
Distribution des résultats
% des personnes avec chaque résultat
Percentile par nombre de réponses
Votre historique - résultats
Vous n’avez pas pris ce quiz